Music Trivia: The Early 2020s - Statistics

General Stats
  • This quiz has been taken 535 times
  • The average score is 3 of 11
Answer Stats
Hint Answer % Correct
What even younger artist has been dominating at the Grammy Awards; having won 7 so far, this decade, including becoming the youngest solo artist (and only the 2nd overall) to have won all four of the general field categories (Best New Artist, Record of the Year, Song of the Year & Album of the Year) in a single year, and also becoming the youngest person (and only 2nd ever) to win Record of the Year 2 years in a row? Billie Eilish
76%
What 2020s artist was the first ever to debut atop the Billboard 200 (for Albums) and the Billboard Hot 100 (for singles) in the same week? All 16 tracks from that album debuted on the Hot 100 the same week also, which broke the record for most simultaneous debuts by a woman. Both of these happened this decade. Taylor Swift
60%
What 21 year old singer/actor collaborated with Travis Barker on her pop/punk single, "Transparent Soul" Willow Smith
32%
What solo singer/songwriter from the '60s snagged his first ever number 1 chart hit (Billboard number 1 rock album) in 2020? It was number 2 on the Billboard top 200 (among all albums). Bob Dylan
23%
What 88 year old country singer/songwriter released his 70th, 71st and 72nd albums, so far, this decade? Willie Nelson
17%
What hip-hop drummer/bandleader & tv performer served as the musical director or the 2020 and 2021 Academy Awards ceremony, and made his directorial debut on the music documentary film, Summer of Soul, in 2021? Ahmir "Questlove" Thompson
16%
What nineties band released their 14th and 15th studio albums in 2021? Weezer
9%
What sole surviving member of his family's music group, released a 2021 album called Greenfields, of duet covers with country artists? Barry Gibb
7%
What singer/songwriter/composer/keyboard player & Tonight Show Bandleader had already won an Academy Award (Oscar), a BAFTA and a Golden Globe earlier in this decade, and was nominated for 11 Grammys in 2022? Jon Batiste
6%
What Dayton Ohio indie-rock band, led by Robert Pollard, released their 30th, 31st, 32nd, 33rd and 34th studio albums (Surrender Your Poppy Field, Mirrored Aztec, Styles We Paid For, Earth Man Blues, and It's Not Them, It Couldn't Be Them, It Is Them!), so far, this decade? Guided By Voices
3%
What "California" band released their 5th album, 2020's fantastic Devastator, a full 12 years after their 2008 album, Raise The Dead? Jason Schwartzman used to be their Drummer. Phantom Planet
3%
No matching quizzes found
Score Distribution
Percent of People with Each Score
Percentile by Number Answered
Your Score History
You have not taken this quiz